K niektorým otázkam československej hospodárskej spolupráce v rokoch 1945-1948

Podrobná bibliografia
Hlavný autor: Petruf, Pavol, 1946- (Autor)
Médium: Článok
Jazyk:slovenčina
Fyzický popis:Lit. 26 zázn. v slov., češ., angl.
Predmet:

MARC

LEADER 00000nab a2200000 a 4500
001 vtls000238844
003 SK-MaSNL
005 20260311230131.0
008 160204c1985 xo 0 slo
015 |a SNBRA19rr/mm-uuuuu 
035 |a CL0248958 
040 |a SNKBUCL  |b slo  |c SNKBUCL  |e AACR2 
041 0 |a slo 
044 |a xo  |c SK 
080 |a 338.244(437+47)(091)  |2 1981 
080 |a 47)(091)  |2 1981 
100 1 |a Petruf, Pavol,  |d 1946-  |4 aut  |9 102871 
245 1 0 |a K niektorým otázkam československej hospodárskej spolupráce v rokoch 1945-1948  |c Pavel Petruf 
300 |b Lit. 26 zázn. v slov., češ., angl. 
650 0 7 |a národné hospodárstvo  |2 snkbucl  |9 846 
651 7 |a Československo  |2 snkbucl  |9 21376 
651 7 |a Sovietsky zväz  |2 snkbucl  |9 22126 
655 7 |a články zo zborníkov  |2 snkbucl  |9 166140 
773 0 |t Slovanské štúdie 25-2  |d Bratislava : Veda, 1985 
850 |a Slovenská národná knižnica v Martine  |a MTA001 
852 |a SNK  |b KIS3GCP 
958 |a NB 
958 |a RK 
992 |a RZB 
999 |c 3302432  |d 3304362